[Event "EYCC Girls U16 2021"]
[Site "Tornelo"]
[Date "2021.10.15"]
[Round "8.11"]
[White "Tzakosta, Konstantina"]
[Black "Dietz, Kristin"]
[Result "1-0"]
[WhiteElo "1089"]
[BlackElo "1924"]
[Annotator "ChessBase"]
[PlyCount "83"]
[EventDate "2021.10.15"]
[EventType "swiss"]
[EventCountry "NET"]
[SourceTitle "playchess.com"]
[Source "ChessBase"]
[SourceQuality "1"]
[TimeControl "5400+30"]

1. e4 {[%emt 0:00:30]} c5 {[%emt 0:00:36]} 2. c3 {[%emt 0:00:07]} Nf6 {[%emt 0:00:07]} 3. e5 {[%emt 0:00:06]} Nd5 {[%emt 0:00:06]} 4. d4 {[%emt 0:00:06]} cxd4 {[%emt 0:00:06]} 5. cxd4 {[%emt 0:00:06]} d6 {[%emt 0:00:16]} 6. Nf3 {[%emt 0:00:07]} Nc6 {[%emt 0:00:06]} 7. Bc4 {[%emt 0:00:12]} e6 {[%emt 0:00:06]} 8. Bxd5 {[%emt 0:01:25]} exd5 {[%emt 0:00:12]} 9. h3 {[%emt 0:00:42]} Be7 {[%emt 0:01:10]} 10. O-O {[%emt 0:00:39]} O-O {[%emt 0:01:08]} 11. Nc3 {[%emt 0:00:59]} Be6 {[%emt 0:00:22]} 12. Bf4 {[%emt 0:02:12]} dxe5 {[%emt 0:02:32]} 13. dxe5 {[%emt 0:00:25]} a6 {[%emt 0:02:02]} 14. a3 {[%emt 0:02:27]} Qd7 {[%emt 0:07:15]} 15. Qd3 {[%emt 0:03:03]} Rfd8 {[%emt 0:06:21]} 16. Rad1 {[%emt 0:02:46]} Rac8 {[%emt 0:04:15]} 17. Rd2 {[%emt 0:10:27]} Qc7 {[%emt 0:03:21]} 18. Ng5 {[%emt 0:07:03]} Bxg5 {[%emt 0:02:36]} 19. Bxg5 {[%emt 0:00:10]} Rd7 {[%emt 0:00:34]} 20. f4 {[%emt 0:00:32]} h6 {[%emt 0:04:26]} 21. Bxh6 {[%emt 0:03:08]} gxh6 {[%emt 0:01:11]} 22. f5 {[%emt 0:00:05]} Bxf5 {[%emt 0:05:40]} 23. Qxf5 {[%emt 0:03:36]} Nxe5 {[%emt 0:04:25]} 24. Nxd5 {[%emt 0:01:08]} Qc5+ {[%emt 0:02:55]} 25. Kh1 {[%emt 0:00:54]} Rxd5 {[%emt 0:06:52]} 26. Rxd5 {[%emt 0:00:30]} Qxd5 {[%emt 0:00:06]} 27. Qxc8+ {[%emt 0:00:08]} Kg7 {[%emt 0:00:03]} 28. Qc3 {[%emt 0:04:00]} f6 {[%emt 0:01:21]} 29. Qc7+ {[%emt 0:01:21]} Kg6 {[%emt 0:00:13]} 30. Qc2+ {[%emt 0:00:11]} Kg7 {[%emt 0:00:18]} 31. Rd1 {[%emt 0:00:16]} Qb5 {[%emt 0:01:00]} 32. Qf2 {[%emt 0:03:15]} Qb3 {[%emt 0:02:29]} 33. Rf1 {[%emt 0:01:51]} Qe6 {[%emt 0:01:03]} 34. Qg3+ {[%emt 0:01:35]} Kf7 {[%emt 0:01:17]} 35. Qh4 {[%emt 0:03:45]} Kg7 {[%emt 0:00:10]} 36. Qe4 {[%emt 0:00:29]} Qb6 {[%emt 0:00:58]} 37. Qb4 {[%emt 0:01:12]} Qc7 {[%emt 0:00:17]} 38. Rd1 {[%emt 0:00:46]} Kf7 {[%emt 0:09:22]} 39. Qd6 {[%emt 0:02:59]} Qc2 {[%emt 0:01:53]} 40. Rf1 {[%emt 0:01:30]} Qxb2 {[%emt 0:00:33]} 41. Rxf6+ {[%emt 0:01:32]} Ke8 {[%emt 0:00:22]} 42. Rf8# {[%emt 0:00:15]} 1-0

[Event "EYCC Girls U16 2021"]
[Site "Tornelo"]
[Date "2021.10.15"]
[Round "8.12"]
[White "Sulyok, Eszter"]
[Black "Russeva, Viktoria"]
[Result "1/2-1/2"]
[WhiteElo "1913"]
[BlackElo "1713"]
[Annotator "ChessBase"]
[PlyCount "153"]
[EventDate "2021.10.15"]
[EventType "swiss"]
[EventCountry "NET"]
[SourceTitle "playchess.com"]
[Source "ChessBase"]
[SourceQuality "1"]
[TimeControl "5400+30"]

1. c4 {[%emt 0:00:30]} Nf6 {[%emt 0:00:38]} 2. Nc3 {[%emt 0:00:07]} e6 {[%emt 0:00:06]} 3. e4 {[%emt 0:00:04]} d5 {[%emt 0:00:12]} 4. e5 {[%emt 0:00:04]} d4 {[%emt 0:00:05]} 5. exf6 {[%emt 0:00:05]} dxc3 {[%emt 0:00:04]} 6. bxc3 {[%emt 0:00:04]} Qxf6 {[%emt 0:00:05]} 7. d4 {[%emt 0:00:08]} b6 {[%emt 0:00:32]} 8. Be2 {[%emt 0:01:30]} Bb7 {[%emt 0:00:24]} 9. Bf3 {[%emt 0:00:43]} Bxf3 {[%emt 0:03:17]} 10. Nxf3 {[%emt 0:00:21]} Bd6 {[%emt 0:02:37]} 11. Qa4+ {[%emt 0:02:10]} c6 {[%emt 0:06:35]} 12. Bg5 {[%emt 0:03:03]} Qf5 {[%emt 0:01:20]} 13. O-O {[%emt 0:01:21]} O-O {[%emt 0:00:38]} 14. Rab1 {[%emt 0:01:25]} Rc8 {[%emt 0:09:38]} 15. Rxb6 {[%emt 0:05:10]} e5 {[%emt 0:08:50]} 16. dxe5 {[%emt 0:03:25]} Bxe5 {[%emt 0:00:19]} 17. Rb7 {[%emt 0:02:59]} a5 {[%emt 0:04:15]} 18. Qa3 {[%emt 0:07:32]} Na6 {[%emt 0:21:57]} 19. Nxe5 {[%emt 0:08:48]} Qxe5 {[%emt 0:00:31]} 20. Be3 {[%emt 0:03:24]} Nc7 {[%emt 0:01:27]} 21. Bd4 {[%emt 0:06:19]} Qf5 {[%emt 0:00:23]} 22. Qc5 {[%emt 0:12:17]} Qg6 {[%emt 0:04:20]} 23. Ra7 {[%emt 0:02:18]} Rxa7 {[%emt 0:03:34]} 24. Qxa7 {[%emt 0:00:13]} Ne6 {[%emt 0:00:29]} 25. Be3 {[%emt 0:02:46]} Qe4 {[%emt 0:03:45]} 26. Qxa5 {[%emt 0:04:09]} Qxc4 {[%emt 0:00:11]} 27. h3 {[%emt 0:03:21]} h6 {[%emt 0:01:24]} 28. a4 {[%emt 0:01:18]} Rb8 {[%emt 0:00:55]} 29. Rc1 {[%emt 0:04:25]} Rb3 {[%emt 0:05:04]} 30. Qa8+ {[%emt 0:00:08]} Kh7 {[%emt 0:00:05]} 31. Qa7 {[%emt 0:01:18]} Nf4 {[%emt 0:01:29]} 32. Bxf4 {[%emt 0:08:58]} Qxf4 {[%emt 0:00:05]} 33. Re1 {[%emt 0:00:07]} Rxc3 {[%emt 0:01:03]} 34. a5 {[%emt 0:00:20]} Ra3 {[%emt 0:00:49]} 35. Qc5 {[%emt 0:00:32]} Ra2 {[%emt 0:01:13]} 36. Rf1 {[%emt 0:04:16]} Qg5 {[%emt 0:03:10]} 37. Qxg5 {[%emt 0:03:09]} hxg5 {[%emt 0:00:06]} 38. Rc1 {[%emt 0:00:04]} Rxa5 {[%emt 0:00:06]} 39. Rxc6 {[%emt 0:00:03]} Ra2 {[%emt 0:00:57]} 40. g3 {[%emt 0:00:27]} f5 {[%emt 0:02:33]} 41. Kg2 {[%emt 0:00:14]} Ra3 {[%emt 0:00:09]} 42. Re6 {[%emt 0:00:37]} f4 {[%emt 0:01:13]} 43. gxf4 {[%emt 0:00:17]} gxf4 {[%emt 0:00:04]} 44. h4 {[%emt 0:00:08]} g6 {[%emt 0:09:11]} 45. Rf6 {[%emt 0:00:49]} g5 {[%emt 0:01:12]} 46. hxg5 {[%emt 0:00:19]} Ra5 {[%emt 0:00:05]} 47. Kf3 {[%emt 0:04:20]} Rxg5 {[%emt 0:00:06]} 48. Kxf4 {[%emt 0:00:03]} Ra5 {[%emt 0:00:05]} 49. Rf5 {[%emt 0:00:52]} Ra6 {[%emt 0:00:11]} 50. Rg5 {[%emt 0:01:44]} Rf6+ {[%emt 0:00:54]} 51. Kg3 {[%emt 0:00:16]} Kh6 {[%emt 0:00:19]} 52. Ra5 {[%emt 0:00:27]} Kg6 {[%emt 0:00:09]} 53. f4 {[%emt 0:00:44]} Rb6 {[%emt 0:00:12]} 54. Kg4 {[%emt 0:00:03]} Kf6 {[%emt 0:00:22]} 55. Rh5 {[%emt 0:00:46]} Kg7 {[%emt 0:02:07]} 56. Rc5 {[%emt 0:05:38]} Kf6 {[%emt 0:00:18]} 57. Rc8 {[%emt 0:00:08]} Ra6 {[%emt 0:00:26]} 58. Rf8+ {[%emt 0:00:24]} Kg7 {[%emt 0:00:21]} 59. Rf5 {[%emt 0:00:20]} Kg6 {[%emt 0:00:09]} 60. Rb5 {[%emt 0:00:41]} Kf6 {[%emt 0:00:08]} 61. Rb4 {[%emt 0:00:42]} Rc6 {[%emt 0:00:13]} 62. Ra4 {[%emt 0:00:36]} Rb6 {[%emt 0:00:06]} 63. f5 {[%emt 0:00:14]} Rb1 {[%emt 0:00:28]} 64. Ra6+ {[%emt 0:00:13]} Kf7 {[%emt 0:00:04]} 65. Ra4 {[%emt 0:01:02]} Rg1+ {[%emt 0:00:12]} 66. Kf4 {[%emt 0:00:06]} Rf1+ {[%emt 0:00:08]} 67. Ke5 {[%emt 0:00:33]} Re1+ {[%emt 0:00:05]} 68. Kd5 {[%emt 0:00:40]} Rd1+ {[%emt 0:00:07]} 69. Rd4 {[%emt 0:00:07]} Rxd4+ {[%emt 0:00:05]} 70. Kxd4 {[%emt 0:00:03]} Kf6 {[%emt 0:00:08]} 71. Ke4 {[%emt 0:00:03]} Kf7 {[%emt 0:00:07]} 72. Ke5 {[%emt 0:00:04]} Ke7 {[%emt 0:00:05]} 73. f6+ {[%emt 0:00:06]} Kf7 {[%emt 0:00:04]} 74. Kf5 {[%emt 0:00:03]} Kf8 {[%emt 0:00:04]} 75. Kg6 {[%emt 0:00:08]} Kg8 {[%emt 0:00:04]} 76. f7+ {[%emt 0:00:15]} Kf8 {[%emt 0:00:05]} 77. Kf6 {[%emt 0:00:03]} 1/2-1/2

[Event "EYCC Girls U16 2021"]
[Site "Tornelo"]
[Date "2021.10.15"]
[Round "9.1"]
[White "Zvereva, Margarita"]
[Black "Allahverdiyeva, Ayan"]
[Result "0-1"]
[WhiteElo "2013"]
[BlackElo "2051"]
[Annotator "ChessBase"]
[PlyCount "66"]
[EventDate "2021.10.15"]
[EventType "swiss"]
[EventCountry "NET"]
[SourceTitle "playchess.com"]
[Source "ChessBase"]
[SourceQuality "1"]
[TimeControl "5400+30"]

1. e4 {[%emt 0:00:30]} c5 {[%emt 0:00:39]} 2. Nf3 {[%emt 0:00:05]} d6 {[%emt 0:00:44]} 3. d4 {[%emt 0:00:25]} cxd4 {[%emt 0:00:02]} 4. Nxd4 {[%emt 0:00:03]} Nf6 {[%emt 0:00:02]} 5. Nc3 {[%emt 0:00:05]} a6 {[%emt 0:00:01]} 6. Be2 {[%emt 0:04:08]} e6 {[%emt 0:00:15]} 7. a4 {[%emt 0:02:39]} Be7 {[%emt 0:01:09]} 8. O-O {[%emt 0:00:35]} Qc7 {[%emt 0:00:26]} 9. Kh1 {[%emt 0:01:43]} O-O {[%emt 0:00:18]} 10. f4 {[%emt 0:01:17]} Nc6 {[%emt 0:00:07]} 11. Be3 {[%emt 0:01:27]} Bd7 {[%emt 0:00:24]} 12. Nb3 {[%emt 0:00:34]} b6 {[%emt 0:00:17]} 13. Bf3 {[%emt 0:01:50]} Rfe8 {[%emt 0:01:13]} 14. g4 {[%emt 0:14:06]} Bc8 {[%emt 0:02:01]} 15. g5 {[%emt 0:00:22]} Nd7 {[%emt 0:00:03]} 16. Bg2 {[%emt 0:00:27]} Bb7 {[%emt 0:00:19]} 17. Qe2 {[%emt 0:06:09]} Bf8 {[%emt 0:09:00]} 18. Qf2 {[%emt 0:01:39]} Nb4 {[%emt 0:00:21]} 19. Nd4 {[%emt 0:03:17]} g6 {[%emt 0:08:31]} 20. Rae1 {[%emt 0:07:28]} e5 {[%emt 0:10:18]} 21. Nf3 {[%emt 0:19:41]} exf4 {[%emt 0:09:49]} 22. Bxf4 {[%emt 0:00:12]} Rad8 {[%emt 0:05:23]} 23. Qd2 {[%emt 0:04:45]} Nc5 {[%emt 0:11:24]} 24. Nd4 {[%emt 0:02:09]} Qc8 {[%emt 0:08:34]} 25. b3 {[%emt 0:07:45]} Qa8 {[%emt 0:01:21]} 26. e5 {[%emt 0:12:27]} dxe5 {[%emt 0:02:24]} 27. Bxe5 {[%emt 0:02:31]} Rxe5 {[%emt 0:03:18]} 28. Rxe5 {[%emt 0:00:18]} Rxd4 {[%emt 0:01:13]} 29. Qxd4 {[%emt 0:00:42]} Bxg2+ {[%emt 0:00:06]} 30. Kg1 {[%emt 0:00:04]} Bxf1 {[%emt 0:00:13]} 31. Kxf1 {[%emt 0:00:14]} Qh1+ {[%emt 0:05:32]} 32. Kf2 {[%emt 0:00:42]} Qxh2+ {[%emt 0:01:06]} 33. Kf1 {[%emt 0:00:29]} Nc6 {[%emt 0:00:07]} 0-1

[Event "EYCC Girls U16 2021"]
[Site "Tornelo"]
[Date "2021.10.15"]
[Round "9.2"]
[White "Kanyamarala, Trisha"]
[Black "Pipiras, Filipa Fortuna"]
[Result "1/2-1/2"]
[WhiteElo "2082"]
[BlackElo "1995"]
[Annotator "ChessBase"]
[PlyCount "139"]
[EventDate "2021.10.15"]
[EventType "swiss"]
[EventCountry "NET"]
[SourceTitle "playchess.com"]
[Source "ChessBase"]
[SourceQuality "1"]
[TimeControl "5400+30"]

1. d4 {[%emt 0:00:30]} d5 {[%emt 0:01:18]} 2. Nf3 {[%emt 0:00:10]} Nf6 {[%emt 0:00:37]} 3. e3 {[%emt 0:00:23]} e6 {[%emt 0:02:27]} 4. Bd3 {[%emt 0:00:25]} c5 {[%emt 0:00:45]} 5. b3 {[%emt 0:02:11]} Nc6 {[%emt 0:02:29]} 6. O-O {[%emt 0:03:39]} Bd6 {[%emt 0:06:35]} 7. Bb2 {[%emt 0:01:57]} O-O {[%emt 0:00:37]} 8. Nbd2 {[%emt 0:01:51]} b6 {[%emt 0:02:59]} 9. a3 {[%emt 0:01:38]} Bb7 {[%emt 0:04:47]} 10. c4 {[%emt 0:03:37]} Rc8 {[%emt 0:08:35]} 11. Re1 {[%emt 0:08:42]} Bb8 {[%emt 0:05:20]} 12. Rc1 {[%emt 0:03:27]} Qe7 {[%emt 0:07:03]} 13. Qc2 {[%emt 0:09:16]} cxd4 {[%emt 0:03:29]} 14. exd4 {[%emt 0:01:47]} h6 {[%emt 0:01:20]} 15. Qd1 {[%emt 0:02:37]} Rfd8 {[%emt 0:06:55]} 16. Bb1 {[%emt 0:05:05]} a5 {[%emt 0:02:38]} 17. Nf1 {[%emt 0:12:53]} a4 {[%emt 0:15:02]} 18. Ne3 {[%emt 0:01:59]} axb3 {[%emt 0:02:58]} 19. cxd5 {[%emt 0:00:39]} Nxd5 {[%emt 0:00:16]} 20. Nxd5 {[%emt 0:02:25]} Rxd5 {[%emt 0:00:19]} 21. Qxb3 {[%emt 0:01:11]} Rdd8 {[%emt 0:05:49]} 22. Qd3 {[%emt 0:01:49]} g6 {[%emt 0:01:05]} 23. Qe3 {[%emt 0:06:18]} Kh7 {[%emt 0:00:46]} 24. h4 {[%emt 0:03:47]} h5 {[%emt 0:04:18]} 25. Ng5+ {[%emt 0:02:47]} Kg8 {[%emt 0:00:21]} 26. Ne4 {[%emt 0:09:28]} e5 {[%emt 0:05:27]} 27. d5 {[%emt 0:04:38]} Rxd5 {[%emt 0:03:10]} 28. Qh6 {[%emt 0:02:52]} Rb5 {[%emt 0:01:41]} 29. Ng5 {[%emt 0:00:46]} Qf6 {[%emt 0:00:46]} 30. Ba2 {[%emt 0:02:32]} Rc7 {[%emt 0:03:29]} 31. Ne4 {[%emt 0:03:25]} Qg7 {[%emt 0:01:03]} 32. Qd2 {[%emt 0:00:26]} Rc8 {[%emt 0:00:57]} 33. Ng5 {[%emt 0:00:45]} Rc7 {[%emt 0:00:43]} 34. Qe2 {[%emt 0:00:41]} Rc5 {[%emt 0:00:31]} 35. Rcd1 {[%emt 0:00:28]} Qf6 {[%emt 0:00:25]} 36. Ne4 {[%emt 0:00:14]} Qxh4 {[%emt 0:00:26]} 37. Nxc5 {[%emt 0:00:14]} bxc5 {[%emt 0:00:08]} 38. Bd5 {[%emt 0:00:48]} Rc8 {[%emt 0:01:05]} 39. Qf3 {[%emt 0:00:36]} Qe7 {[%emt 0:00:41]} 40. Qg3 {[%emt 0:00:19]} Qf6 {[%emt 0:00:32]} 41. Qf3 {[%emt 0:00:59]} Qe7 {[%emt 0:00:24]} 42. Qe3 {[%emt 0:00:34]} Kh7 {[%emt 0:00:37]} 43. Bc1 {[%emt 0:00:18]} Kg8 {[%emt 0:00:28]} 44. Qg3 {[%emt 0:00:20]} Qf6 {[%emt 0:00:31]} 45. Bg5 {[%emt 0:00:11]} Qf5 {[%emt 0:00:15]} 46. Be3 {[%emt 0:00:42]} e4 {[%emt 0:00:38]} 47. Qg5 {[%emt 0:00:15]} Qxg5 {[%emt 0:00:20]} 48. Bxg5 {[%emt 0:00:06]} Be5 {[%emt 0:00:20]} 49. Rxe4 {[%emt 0:00:18]} Bd4 {[%emt 0:00:22]} 50. Rf4 {[%emt 0:00:35]} Rc7 {[%emt 0:00:12]} 51. Rc1 {[%emt 0:00:50]} Kg7 {[%emt 0:00:30]} 52. Re4 {[%emt 0:00:38]} Rd7 {[%emt 0:00:23]} 53. Bxc6 {[%emt 0:00:50]} Bxc6 {[%emt 0:00:06]} 54. Ree1 {[%emt 0:00:23]} Ra7 {[%emt 0:00:12]} 55. Be3 {[%emt 0:00:21]} Bd5 {[%emt 0:00:19]} 56. Bxd4+ {[%emt 0:00:47]} cxd4 {[%emt 0:00:07]} 57. Rcd1 {[%emt 0:00:35]} Rxa3 {[%emt 0:00:11]} 58. Rxd4 {[%emt 0:00:08]} Be6 {[%emt 0:00:09]} 59. Rde4 {[%emt 0:00:23]} Bf5 {[%emt 0:00:23]} 60. R4e3 {[%emt 0:00:17]} Ra4 {[%emt 0:00:09]} 61. Rc1 {[%emt 0:00:36]} Ra6 {[%emt 0:00:26]} 62. Re7 {[%emt 0:00:18]} Kf6 {[%emt 0:00:22]} 63. Rec7 {[%emt 0:00:24]} Be6 {[%emt 0:00:07]} 64. R1c3 {[%emt 0:00:38]} Ra1+ {[%emt 0:00:18]} 65. Rc1 {[%emt 0:00:38]} Ra6 {[%emt 0:00:10]} 66. Kh2 {[%emt 0:00:19]} Rb6 {[%emt 0:00:21]} 67. R7c3 {[%emt 0:00:44]} Rb2 {[%emt 0:00:17]} 68. R1c2 {[%emt 0:00:32]} Rb7 {[%emt 0:00:49]} 69. Rf3+ {[%emt 0:00:24]} Bf5 {[%emt 0:00:20]} 70. Rc1 {[%emt 0:00:37]} 1/2-1/2

[Event "EYCC Girls U16 2021"]
[Site "Tornelo"]
[Date "2021.10.15"]
[Round "9.3"]
[White "Tsotsonava, Elene"]
[Black "Shpakivskaya, Alina"]
[Result "1-0"]
[WhiteElo "1887"]
[BlackElo "1875"]
[Annotator "NA"]
[PlyCount "85"]
[EventDate "2021.10.15"]
[EventType "swiss"]
[EventCountry "NET"]
[SourceTitle "playchess.com"]
[Source "ChessBase"]
[SourceQuality "1"]
[TimeControl "5400+30"]

1. e4 {[%emt 0:00:30]} e6 {[%emt 0:00:44]} 2. d4 {[%emt 0:00:07]} d5 {[%emt 0:00:04]} 3. Nd2 {[%emt 0:00:05]} Be7 {[%emt 0:00:04]} 4. Bd3 {[%emt 0:08:01]} c5 {[%emt 0:00:27]} 5. dxc5 {[%emt 0:04:00]} Bxc5 {[%emt 0:03:51]} 6. Ngf3 {[%emt 0:01:18]} Nf6 {[%emt 0:01:29]} 7. Qe2 {[%emt 0:02:29]} O-O {[%emt 0:02:03]} 8. O-O {[%emt 0:01:39]} Nc6 {[%emt 0:06:28]} 9. c3 {[%emt 0:06:03]} a6 {[%emt 0:04:22]} 10. a4 {[%emt 0:06:24]} b6 {[%emt 0:06:31]} 11. h4 {[%emt 0:09:56]} h6 {[%emt 0:04:05]} 12. Bc2 {[%emt 0:03:43]} a5 {[%emt 0:06:36]} 13. Bd3 {[%emt 0:08:05]} Bb7 {[%emt 0:03:12]} 14. e5 {[%emt 0:00:17]} Nd7 {[%emt 0:01:38]} 15. Re1 {[%emt 0:00:29]} Be7 {[%emt 0:06:28]} 16. Nf1 {[%emt 0:04:29]} Bxh4 {[%emt 0:04:41]} 17. Bb1 {[%emt 0:01:54]} Re8 {[%emt 0:02:07]} 18. Qc2 {[%emt 0:03:50]} Nf8 {[%emt 0:00:53]} 19. Be3 {[%emt 0:02:20]} Be7 {[%emt 0:03:58]} 20. Ba2 {[%emt 0:06:33]} Bc5 {[%emt 0:03:05]} 21. Rad1 {[%emt 0:00:55]} Qc7 {[%emt 0:02:35]} 22. Bb1 {[%emt 0:03:48]} Ne7 {[%emt 0:08:24]} 23. Bc1 {[%emt 0:04:07]} Rec8 {[%emt 0:05:06]} 24. Ng3 {[%emt 0:02:24]} Neg6 {[%emt 0:02:32]} 25. Nh5 {[%emt 0:01:06]} Be7 {[%emt 0:02:50]} 26. Rd4 {[%emt 0:01:58]} Qd7 {[%emt 0:03:37]} 27. Nh2 {[%emt 0:03:54]} Rc4 {[%emt 0:01:23]} 28. Ng4 {[%emt 0:05:43]} Rxd4 {[%emt 0:01:19]} 29. cxd4 {[%emt 0:00:06]} Qc6 {[%emt 0:03:09]} 30. Qd3 {[%emt 0:02:25]} Qc4 {[%emt 0:06:42]} 31. Qe3 {[%emt 0:04:24]} Bg5 {[%emt 0:00:04]} 32. f4 {[%emt 0:00:17]} Bh4 {[%emt 0:00:13]} 33. g3 {[%emt 0:00:48]} Be7 {[%emt 0:00:15]} 34. b3 {[%emt 0:00:08]} Qc6 {[%emt 0:01:04]} 35. Qf3 {[%emt 0:01:21]} Bb4 {[%emt 0:02:44]} 36. Rf1 {[%emt 0:01:07]} Ba6 {[%emt 0:00:46]} 37. f5 {[%emt 0:00:53]} exf5 {[%emt 0:01:19]} 38. Nxh6+ {[%emt 0:00:52]} gxh6 {[%emt 0:01:07]} 39. Nf6+ {[%emt 0:00:03]} Kg7 {[%emt 0:00:55]} 40. Bxf5 {[%emt 0:01:08]} Bxf1 {[%emt 0:00:50]} 41. Qe3 {[%emt 0:00:04]} Nh7 {[%emt 0:00:40]} 42. Qxh6+ {[%emt 0:00:10]} Kh8 {[%emt 0:00:05]} 43. Qxh7# {[%emt 0:00:02]} 1-0

[Event "EYCC Girls U16 2021"]
[Site "Tornelo"]
[Date "2021.10.15"]
[Round "9.4"]
[White "Hakobyan, Astghik"]
[Black "Follana Albelda, Lucia"]
[Result "1-0"]
[WhiteElo "2017"]
[BlackElo "1904"]
[Annotator "NA"]
[PlyCount "87"]
[EventDate "2021.10.15"]
[EventType "swiss"]
[EventCountry "NET"]
[SourceTitle "playchess.com"]
[Source "ChessBase"]
[SourceQuality "1"]
[TimeControl "5400+30"]

1. e4 {[%emt 0:00:30]} c5 {[%emt 0:01:01]} 2. Nf3 {[%emt 0:00:09]} d6 {[%emt 0:00:29]} 3. d4 {[%emt 0:00:06]} cxd4 {[%emt 0:00:29]} 4. Qxd4 {[%emt 0:00:04]} Nc6 {[%emt 0:00:46]} 5. Qe3 {[%emt 0:00:04]} Nf6 {[%emt 0:08:38]} 6. Be2 {[%emt 0:00:48]} e6 {[%emt 0:03:42]} 7. O-O {[%emt 0:00:11]} Be7 {[%emt 0:01:01]} 8. h3 {[%emt 0:02:27]} d5 {[%emt 0:02:23]} 9. exd5 {[%emt 0:05:22]} Nxd5 {[%emt 0:01:06]} 10. Qb3 {[%emt 0:01:00]} O-O {[%emt 0:00:57]} 11. c4 {[%emt 0:04:24]} Ndb4 {[%emt 0:08:41]} 12. Rd1 {[%emt 0:03:39]} Qc7 {[%emt 0:03:52]} 13. a3 {[%emt 0:06:03]} Na6 {[%emt 0:02:12]} 14. Nc3 {[%emt 0:01:26]} e5 {[%emt 0:10:05]} 15. Nd5 {[%emt 0:02:47]} Qb8 {[%emt 0:02:17]} 16. Qc3 {[%emt 0:21:49]} Bc5 {[%emt 0:08:38]} 17. Be3 {[%emt 0:11:31]} e4 {[%emt 0:05:48]} 18. Nd4 {[%emt 0:05:16]} Nxd4 {[%emt 0:01:02]} 19. Bxd4 {[%emt 0:00:06]} Bxd4 {[%emt 0:00:37]} 20. Qxd4 {[%emt 0:00:31]} Re8 {[%emt 0:00:42]} 21. b4 {[%emt 0:01:20]} Bf5 {[%emt 0:02:11]} 22. c5 {[%emt 0:06:57]} Nc7 {[%emt 0:01:17]} 23. Ne3 {[%emt 0:00:03]} Bg6 {[%emt 0:01:28]} 24. Nc4 {[%emt 0:01:32]} Nb5 {[%emt 0:04:23]} 25. Qe3 {[%emt 0:03:12]} Rf8 {[%emt 0:02:37]} 26. a4 {[%emt 0:02:31]} Nc7 {[%emt 0:00:27]} 27. Ne5 {[%emt 0:00:33]} Re8 {[%emt 0:01:16]} 28. Nxg6 {[%emt 0:02:01]} hxg6 {[%emt 0:00:26]} 29. Rd7 {[%emt 0:00:09]} Ne6 {[%emt 0:01:52]} 30. Bc4 {[%emt 0:00:29]} Qe5 {[%emt 0:02:07]} 31. Rad1 {[%emt 0:00:25]} Rab8 {[%emt 0:00:40]} 32. Bd5 {[%emt 0:02:32]} Nd8 {[%emt 0:02:49]} 33. b5 {[%emt 0:02:47]} Kh8 {[%emt 0:03:16]} 34. Bxf7 {[%emt 0:03:21]} Rf8 {[%emt 0:00:08]} 35. Bxg6 {[%emt 0:01:04]} Ne6 {[%emt 0:00:57]} 36. R7d5 {[%emt 0:00:11]} Qb2 {[%emt 0:01:10]} 37. Rh5+ {[%emt 0:00:57]} Kg8 {[%emt 0:00:13]} 38. Bh7+ {[%emt 0:00:20]} Kf7 {[%emt 0:00:14]} 39. Qxe4 {[%emt 0:00:44]} Ke7 {[%emt 0:00:26]} 40. Bf5 {[%emt 0:01:00]} Rf6 {[%emt 0:00:12]} 41. Rd6 {[%emt 0:01:05]} Qa1+ {[%emt 0:00:27]} 42. Kh2 {[%emt 0:00:04]} Qa2 {[%emt 0:00:07]} 43. Rxe6+ {[%emt 0:00:17]} Rxe6 {[%emt 0:00:27]} 44. Bxe6 {[%emt 0:00:02]} 1-0